La revolución nicaragüense historia y perspectiva
Shranjeno v:
| Glavni avtor: | |
|---|---|
| Format: | Neznan |
| Izdano: |
Managua, Nicaragua
Secretaría Nacional de Propaganda y Educación Política del F.S.L.N.
1980
|
| Serija: | Colección Juan de Dios Muñoz. Serie Orientación Sandinista ;
8 |
| Teme: | |
| Oznake: |
Označite
Brez oznak, prvi označite!
|
MARC
| LEADER | 000000000a22000000004500 | ||
|---|---|---|---|
| 001 | 002217 | ||
| 041 | 0 | |a español | |
| 092 | 0 | |a 972.850.53 A668r | |
| 100 | 1 | |a Arce Castaño, Bayardo | |
| 245 | 1 | 0 | |a La revolución nicaragüense |b historia y perspectiva |
| 260 | |a Managua, Nicaragua |b Secretaría Nacional de Propaganda y Educación Política del F.S.L.N. |c 1980 | ||
| 300 | |a 23 páginas | ||
| 440 | |a Colección Juan de Dios Muñoz. Serie Orientación Sandinista ; |v 8 | ||
| 500 | |a "Año de la alfabetización" -- Número de inscripción 13949 | ||
| 650 | 4 | |a NICARAGUA | |
| 650 | 4 | |a REVOLUCIÓN, 1978- | |
| 999 | |c 3082 |d 3082 | ||
